000
00338nam a22001457a 4500
008
210512b ||||| |||| 00| 0 eng d
020
_a
9780137039722
041
_a
eng
080
_2
6th
_a
37
082
_a
37
100
_a
46
101
_a
EDU
245
_a
Observation skills for Effective Teaching
_c
Gary D. Borich
942
_2
udc
_c
BK
999
_c
57273
_d
57273